Медицинская электроника: основы биотелеметрии: учебное пособие для вузов

Bibliographische Detailangaben
1. Verfasser: Бакалов В. П. Валерий Пантелеевич
Zusammenfassung:В работе излагаются основные принципы биотелеметрии, модели источников биоинформации, вопросы отбора и преобразования биосигналов, описание методов передачи, приема и обработки биотелеметрической информации, оптимизации биотелеметрических систем (БТМС). Соответствует актуальным требованиям Федерального государственного образовательного стандарта высшего образования. Для студентов вузов, обучающихся по направлению "Биотехнические системы и технологии".
Sprache:Russisch
Veröffentlicht: Москва, Юрайт, 2018
Ausgabe:2-е изд., испр. и доп.
Schriftenreihe:Специалист
Schlagworte:
Format: MixedMaterials Buch
KOHA link:https://koha.lib.tpu.ru/cgi-bin/koha/opac-detail.pl?biblionumber=341047

MARC

LEADER 00000nam0a2200000 4500
001 341047
005 20231102005314.0
010 |a 9785534054606 
035 |a (RuTPU)RU\TPU\book\368269 
090 |a 341047 
100 |a 20180524d2018 m y0rusy50 ca 
101 0 |a rus 
102 |a RU 
105 |a a j 001zy 
200 1 |a Медицинская электроника: основы биотелеметрии  |e учебное пособие для вузов  |f В. П. Бакалов 
205 |a 2-е изд., испр. и доп. 
210 |a Москва  |c Юрайт  |d 2018 
215 |a 326 с.  |c ил. 
225 1 |a Специалист 
320 |a Библиогр.: с. 310-326 
330 |a В работе излагаются основные принципы биотелеметрии, модели источников биоинформации, вопросы отбора и преобразования биосигналов, описание методов передачи, приема и обработки биотелеметрической информации, оптимизации биотелеметрических систем (БТМС). Соответствует актуальным требованиям Федерального государственного образовательного стандарта высшего образования. Для студентов вузов, обучающихся по направлению "Биотехнические системы и технологии". 
606 1 |a Медицинская электроника  |2 stltpush  |3 (RuTPU)RU\TPU\subj\41800  |9 61579 
610 1 |a биотелеметрия 
610 1 |a биоинформация 
610 1 |a биотелеметрическая информация 
610 1 |a отбор 
610 1 |a преобразование 
610 1 |a многоканальные системы 
610 1 |a каналы связи 
610 1 |a передатчики 
610 1 |a прием 
610 1 |a обработка 
610 1 |a представление 
610 1 |a помехи 
610 1 |a биотелеметрические системы 
610 1 |a оптимизация 
610 1 |a учебные пособия 
675 |a 615.84(075.8)  |v 4 
700 1 |a Бакалов  |b В. П.  |g Валерий Пантелеевич 
801 1 |a RU  |b 63413507  |c 20180524 
801 2 |a RU  |b 63413507  |c 20190208  |g RCR 
942 |c BK 
959 |a 2/20180221  |d 1  |e 779,00  |f ЧЗТЛ:1